Jumping Around Geography #1 - Statistics

General Stats
  • This quiz has been taken 744 times
  • The average score is 23 of 26
Answer Stats
# Hint Answer % Correct
A Major mountain range in Europe Alps
98%
B Country that R is located in Brazil
98%
O Country bordering Y Oman
95%
Q Country bordering ONLY Saudi Arabia Qatar
95%
R 3rd most populated city in South America Rio de Janeiro
95%
W De Facto Country of Great Britain Wales
94%
Y Country in the Middle East Yemen
94%
D Country on the Jutland Peninsula Denmark
93%
E W's only Border England
93%
P B's second longest border Peru
93%
V Country in the same continent as B Venezuela
93%
J Island country closest to H Jamaica
92%
S One of the countries in A Switzerland
92%
U W and E are both part of the _____ _______ United Kingdom
91%
L Capital of country P Lima
90%
K Capital City of J Kingston
88%
C Capital of W Cardiff
87%
H Island shared by Haiti and the Dominican Republic Hispaniola
87%
I What T is made up of Islands
87%
Z Most populous city of S Zurich
87%
G Largest territory of D Greenland
86%
F Q's most popular Sport Football (Soccer)
85%
T Closest non-bordering country to V Trinidad and Tobago
84%
M Capital of O Muscat
78%
X Element discovered in E Xenon
78%
N Capital of territory G Nuuk
72%
No matching quizzes found
Score Distribution
Percent of People with Each Score
Percentile by Number Answered
Your Score History
You have not taken this quiz